ARRUPE JESUIT UNIVERSITY

CORONAVIRUS -STOP THE SPREAD - CLEAN,DISINFECT,COVER

Garvey : (Record no. 130070)

MARC details
000 -LEADER
fixed length control field 01102nam a2200325 a 4500
001 - CONTROL NUMBER
control field 601046
003 - CONTROL NUMBER IDENTIFIER
control field ARRUPE
005 - DATE AND TIME OF LATEST TRANSACTION
control field 20191118105510.0
008 - FIXED-LENGTH DATA ELEMENTS--GENERAL INFORMATION
fixed length control field 910129s1991 nju b 001 0 eng
010 ## - LIBRARY OF CONGRESS CONTROL NUMBER
LC control number 91070398
020 ## - INTERNATIONAL STANDARD BOOK NUMBER
International Standard Book Number 0865432244
020 ## - INTERNATIONAL STANDARD BOOK NUMBER
International Standard Book Number 0865432252 (pbk.)
040 ## - CATALOGING SOURCE
Original cataloging agency DLC
Transcribing agency DLC
043 ## - GEOGRAPHIC AREA CODE
Geographic area code nwjm---
050 00 - LIBRARY OF CONGRESS CALL NUMBER
Classification number E185.97.G3
Item number G35 1991
300 ## - PHYSICAL DESCRIPTION
Dimensions 24 cm.
245 00 - TITLE STATEMENT
Title Garvey :
Remainder of title his work and impact /
Statement of responsibility, etc Edited by Rupert Lewis, Patrick Bryan
250 ## - EDITION STATEMENT
Edition statement Rev. ed.
260 ## - PUBLICATION, DISTRIBUTION, ETC. (IMPRINT)
Place of publication, distribution, etc Trenton, N.J. :
Name of publisher, distributor, etc Africa World Press,
Date of publication, distribution, etc 1991.
300 ## - PHYSICAL DESCRIPTION
Extent vii, 334 p. ;
504 ## - BIBLIOGRAPHY, ETC. NOTE
Bibliography, etc Includes bibliographical references (p. [323]-330) and index.
600 10 - SUBJECT ADDED ENTRY--PERSONAL NAME
Personal name Garvey, Marcus,
Dates associated with a name 1887-1940.
9 (RLIN) 3450
610 20 - SUBJECT ADDED ENTRY--CORPORATE NAME
Corporate name or jurisdiction name as entry element Universal Negro Improvement Association
General subdivision History.
9 (RLIN) 48783
650 #0 - SUBJECT ADDED ENTRY--TOPICAL TERM
Topical term or geographic name as entry element Blacks
Geographic subdivision Jamaica
General subdivision History.
9 (RLIN) 48784
651 #0 - SUBJECT ADDED ENTRY--GEOGRAPHIC NAME
Geographic name Jamaica
General subdivision Race relations.
9 (RLIN) 48785
700 1# - ADDED ENTRY--PERSONAL NAME
Personal name Lewis, Rupert.
9 (RLIN) 48786
700 1# - ADDED ENTRY--PERSONAL NAME
Personal name Bryan, Patrick E.
9 (RLIN) 48787
906 ## - LOCAL DATA ELEMENT F, LDF (RLIN)
a 7
b cbc
c orignew
d 3
e opcn
f 19
g y-gencatlg
942 ## - ADDED ENTRY ELEMENTS (KOHA)
Source of classification or shelving scheme Library of Congress Classification
Koha item type Monograph ( Printed materials)
Holdings
Withdrawn status Lost status Source of classification or shelving scheme Damaged status Not for loan Collection code Home library Current library Shelving location Date acquired Total Checkouts Full call number Barcode Date last seen Price effective from Koha item type
    Library of Congress Classification     Main Collection ARRUPE LIBRARY ARRUPE LIBRARY Main Collection 18/11/2019   E185.97.G3 G35 1991 46600005916 18/11/2019 18/11/2019 Monograph ( Printed materials)

 

Arrupe Library. PO Box MP320 Mt Pleasant, Harare, Zimbabwe
263 242 745411|librarian@aju.ac.zw